Detalles MARC
| 000 -LIDER |
| fixed length control field |
01613nam a22002777a 4500 |
| 003 - IDENTIFICACDOR DE NÚMERO DE CONTROL |
| control field |
|
| 005 - DATE AND TIME OF LATEST TRANSACTION |
| control field |
20220224095059.0 |
| 008 - ELEMENTOS DE LONGITUD FIJA |
| fixed length control field |
210802b 2020 dr 00| 0 eng d |
| 020 ## - ISBN |
| International Standard Book Number |
9789945613612 (v.1) |
| 020 ## - ISBN |
| International Standard Book Number |
9789945613667 (v.2) |
| 040 ## - FUENTE DE CATALOGACIÓN |
| Agencia que crea de manera original el registro |
BPMSU |
| Idioma de catalogación |
spa |
| Agencia que realiza la transcripción |
BPMSU |
| 082 ## - NÚMERO DE CLASIFICACIÓN DECIMAL DE DEWEY |
| Classification number |
972.9302 |
| Item number |
R696c 2020 |
| Edition number |
22 |
| 100 1# - ASIENTO PRINCIPAL -- NOMBRE PERSONAL |
| Nombre personal |
Rodríguez Morel, Genaro |
| 245 10 - MENCIÓN DE TITULO |
| Título |
Cuentas de las cajas reales de Santo Domingo : |
| Subtítulo |
tomadas al tesorero Miguel de Pasamonte por el licenciado Alonso López de Cerrato : 1520-1525 / |
| Mención de responsabilidad |
Genaro Rodríguez Morel. |
| 260 ## - PUBLICACIÓN, DISTRIBUCIÓN, ETC. (PIE DE IMPRENTA) |
| Lugar de publicación, distribución, etc |
Santo Domingo : |
| Nombre del editor, distribuidor, etc. |
Archivo General de la Nación, |
| Fecha de publicación, distribución, etc |
2020. |
| 300 ## - DESCRIPCIÓN FÍSICA |
| Extensión |
2v. ; |
| Dimensiones |
26 cm. |
| 490 0# - MENCIÓN DE SERIES |
| Mención de serie |
Archivo General de la Nación |
| Volume/sequential designation |
393 / 394 |
| 500 ## - NOTA GENERAL |
| Nota general |
Incluye datos biográficos del autor en las solapas. |
| 500 ## - NOTA GENERAL |
| Nota general |
Incluye referencias bibliográficas y notas al pie de las páginas.<br/> |
| 500 ## - NOTA GENERAL |
| Nota general |
Incluye índice onomástico, geográfico y temático. |
| 505 0# - NOTA DE CONTENIDO |
| Información miscelánea |
v.1 : |
| Título |
Cuentas de las Cajas Reales de Santo Domingo : tomadas al tesorero Miguel de Pasamonte por el licenciado Alonso López de Cerrato : 1520-1525 -- |
| -- |
Presentación / Genaro Rodríguez Morel -- |
| -- |
Archivo General de Indias. Contaduría 1050 N.º 1 -- |
| Información miscelánea |
v.2 |
| Título |
Cuentas de las Cajas Reales de Santo Domingo :<br/>Resto del título tomadas al tesorero Miguel de Pasamonte por el licenciado Alonso López de Cerrato : 1525-1534 --<br/> |
| -- |
Presentación / Genaro Rodríguez Morel -- |
| -- |
Archivo General de Indias. Contaduría 1050 N.º 2 -- |
| 590 ## - NOTA LOCAL |
| Texto de la nota local |
Inventariado, 2021 /VM<br/><br/> |
| 651 ## - ENCABEZAMIENTO DE MATERIA--NOMBRE GEOGRÁFICO |
| Nombre geográfico |
República Dominicana |
| Subdivisión temática general |
Historia |
| -- |
Fuentes |
| Subdivisión cronológica |
1520-1525 |
| 910 ## - VALIDACIÓN |
| Validación |
VMateo V. |
| 942 ## - ADDED ENTRY ELEMENTS (KOHA) |
| Source of classification or shelving scheme |
Dewey Decimal Classification |
| Koha item type |
Libros |